| 000 | 00372nam a22001571a 4500 | ||
|---|---|---|---|
| 003 | NEGST | ||
| 005 | 20170216020003.0 | ||
| 008 | 030714s1994 001 0 eng d | ||
| 110 | 2 | _aStewart, Ed. | |
| 245 | 1 | 0 | _aMillennium's Dawn /. |
| 260 |
_aWheaton : _bVictors Books, _c1994. |
||
| 300 | _a445p. | ||
| 590 | _aAccession number: 30862 | ||
| 942 | 0 | 0 | _01 |
| 999 |
_c42565 _d42541 |
||